| 000 | 00463nam a2200181Ia 4500 | ||
|---|---|---|---|
| 008 | 230917s9999||||xx |||||||||||||| ||und|| | ||
| 020 | _cRS3607 | ||
| 040 |
_e242817 _aMAIN |
||
| 041 | _aEnglish | ||
| 082 | _a342 W119A(11) | ||
| 100 | _aWade, H W R | ||
| 245 | 0 | _aAdministrative law | |
| 250 | _a11th ed. | ||
| 260 |
_aOxford _bOxford University Press _c2014 |
||
| 300 | _axc p. | ||
| 500 | _a2906 24/10/2017 HBD17/7095 23/11/2017 Main Budget | ||
| 942 | _cBK | ||
| 999 |
_c24323 _d24323 |
||